| 000 | 01030nam a22002897a 4500 | ||
|---|---|---|---|
| 999 |
_c28148 _d28119 |
||
| 003 | EG-ScBUE | ||
| 005 | 20200219100010.0 | ||
| 008 | 200219s2019 ua f 000 0 ara d | ||
| 017 | _a2019 / 11202 | ||
| 020 | _a9789778460841 | ||
| 040 |
_aEG-ScBUE _bara _erda _cEG-ScBUE _dEG-ScBUE |
||
| 082 | 0 | 4 |
_a492.711 _bج م ع _222 |
| 100 | 1 |
_a جمعة، محمود عبد الرازق، _eمؤلف. |
|
| 245 | 1 | 0 |
_aعزيزي-المحرر# : _bدليلك إلى صياغة احترافية / _cمحمود عبد الرازق جمعة. |
| 250 | _aالطبعة الثانية. | ||
| 264 | 1 |
_aالقاهرة ؛ _aدبي : _bمنشورات بتانة، _c2019. |
|
| 300 |
_a222 صفحة ؛ _c24 سم. |
||
| 336 |
_2rdacontent _aنص _btxt |
||
| 337 |
_2rdamedia _aبدون وسيط _bn |
||
| 338 |
_2rdacarrier _aمجلد _bnc |
||
| 490 | 0 | _aلغة | |
| 541 | _aBook Fair, 2020 | ||
| 650 | 7 |
_aاللغة العربية _xأخطاء. _2BUEsh |
|
| 650 | 7 |
_aاللغة العربية _xألفاظ. _2BUEsh |
|
| 651 | _2BUEsh | ||
| 942 | _2ddc | ||